000 00468nam a2200157Ia 4500
008 180910s9999 xx 000 0 und d
100 _aAmerican Journal of Education.
245 _aAmerican Journal of Education /
245 _cAmerican Journal of Education.
260 _bThe Penn State College of Education
260 _c2017
300 _apages 523-646, August 2017
440 _aJournal of Education
_v123:4
650 _aEducation.
650 _aPeriodicals.
999 _c358771
_d358771